=LDR 00000nam 2200000 4500 =001 INLIS000000000025407 =005 20130612123923 =008 ***********************************Ind** =035 ##$$0010-061300000025407 =041 ##$$a Ind =082 ##$$a 629 =090 ##$$a 629, war m =100 ##$$a Wardana, Enen =245 ##$$a Membuat aksesoris rambut dan busana, Enen Wardana =250 ##$$a Memanfaatkan waktu luang =260 ##$$a 2003 $b Jakarta =300 ##$$a 69 hlm, 23 cm =650 ##$$a Hiasan =850 ##$$a NBPNMAT